000 00787nam a22002417a 4500
999 _c5230
_d5230
003 AR-CdUCM
008 190312b ||||| |||| 00| 0 spa d
040 _aMUNICIPALIDAD PROVINCIAL DEL CUSCO
_cBIBLIOTECA MUNICIPAL DEL CUSCO
082 _a869.624 /
_bR741
100 _aRojas, Ángel F.
_915853
245 _aEl éxodo de Yangana /
260 _aQuito :
_bAriel.
300 _a159 páginas ;
_c17 cm.
440 _aClásicos Ariel
_n13
_915854
500 _aDonación familia Luis Nieto
505 _aContenido: La última alegría de Yanagana -- El horizonte de una mañana distinta.
650 _aHistoria Ecuador
_915855
650 _aMito
_93021
650 _aNovelas ecuatorianas
_910117
650 _aMigración rural-urbana
_915856
942 _2ddc
_cLIBROS
945 _adavv